A Christmas Quiz - Statistics

General Stats
  • This quiz has been taken 201 times
    181 since last reset
  • The average score is 12 of 15
Answer Stats
Question Answer # % Correct
Who Was Born on Christmas Day? Jesus 13
99%
What is the Day Before Christmas? Christmas Eve 3
95%
What Object do You put a Star/Angel on? The Tree 4
95%
Who Gives Kids Presents The Night Before Christmas? Santa Claus 5
92%
Who Works For The Above Elves 6
91%
What do the Above's make? Toys 7
84%
Rudolph The Red - Nosed Reindeer 15
83%
What Holiday is Right After Christmas? Boxing Day 1
80%
What Religion is This Holiday Part of? Christianity 2
80%
Who Married #5? Mrs. Claus 8
78%
What is #5's Catchphrase? Ho Ho Ho! 14
76%
Who is The Main Character of The Above Film? Kevin McCallister 12
72%
When Did Home Alone First Come Out? 1990 11
64%
Who Played Buddy The Elf in Elf (2003)? Will Ferrell 9
63%
Who Played Mr. Grinch in The Grinch (2018)? Benedict Cumberbatch 10
35%
No matching quizzes found
Score Distribution
Percent of People with Each Score
Percentile by Number Answered
Your Score History
You have not taken this quiz since the last reset